00723nam a2200145Ia 4500008004100000020001500041050002200056082002300078100003900101245010400140260003800244300004000282505022000322650003500542120629s1999 mx a 000 0 spa d a9701020820 aLB1049 bC37 1999 a371.302281 bC346h aCastañeda Jiménez, Juaneautor aHabilidades académicas b : mi guía de aprendizaje y desarrollo c / Juan Castañeda Jiménez aMéxico b : McGraw-Hillc, 1999 axv, 211 páginasb : ilustraciones aIdentidad y organización Habilidades para la comunicación escrita Habilidades para el trabajo conceptual Habilidades para la investigación Habilidades para trabajar en grupo Entre la cotidianidad y la ciencia 0aMÉTODOS DE ESTUDIOvMANUALES